Educación y desarrollo económico en América Latina

Guardat en:
Dades bibliogràfiques
Autor principal: Tamayo, Armando (Autor)
Format: Llibre
Idioma:espanyol
Publicat: Caracas Arte 1966
Matèries:
Etiquetes: Afegir etiqueta
Sense etiquetes, Sigues el primer a etiquetar aquest registre!

MARC

LEADER 00000nam a2200000 a 4500
001 UCY8052
003 CL-VaPUC
008 950623e19660200VE |||||||||||||||||spa|d
082 0 4 |a 379.154  |b TAM  |2 21 
100 0 |a Tamayo, Armando  |e author  |9 339141 
245 1 0 |a Educación y desarrollo económico en América Latina 
300 |a 163 p 
942 |c BK 
945 |d 19950623 00:00:00  |a cmena 
260 |a Caracas  |b Arte  |c 1966 
650 7 |a EDUCACION Y DESARROLLO  |2 CL-VaPUC  |9 324696 
650 0 |a Desarrollo económico y social   |9 256320 
650 7 |a POBLACION ACTIVA  |2 CL-VaPUC  |9 339142 
650 7 |a INVESTIGACION DEMOGRAFICA  |2 CL-VaPUC  |9 336843 
650 0 |a Recursos humanos   |9 228420 
650 0 |a Industrialización  |9 263687 
650 7 |a MANO DE OBRA  |2 CL-VaPUC  |9 315053 
651 0 |a América Latina   |9 255027 
583 |a last modification  |c 19950623 00:00:00  |k Rodrigo Vera 
999 |c 235335  |d 235333 
952 |0 0  |1 0  |4 0  |6 379_154000000000000_TAM_1966  |7 0  |8 P  |9 242687  |a BIBEDU  |b BIBEDU  |c BIBEDU_PB  |d 2019-11-18  |i 152142K  |o 379.154 TAM 1966  |p 152142K  |r 2024-01-25  |w 2019-11-18  |y BK  |k EDU